000
00257nam a2200109Ia 4500
008
200302s9999 xx 000 0 und d
100
_a
Pyo mi Young
245
_a
Architctural Model 2
260
_b
Damidi Publishing Co.,
260
_c
2010
300
_a
1095 P.,
999
_c
3147
_d
3147